Fyzika reaktorů 2
Saved in:
| Main Author: | |
|---|---|
| Format: | Book |
| Language: | Czech |
| Published: |
Praha :
České vysoké učení technické v Praze,
1983
|
| Edition: | 2. vyd. |
| Tags: |
No Tags, Be the first to tag this record!
|
MARC
| LEADER | 00000nam a22000003a 4500 | ||
|---|---|---|---|
| 001 | stu25939 | ||
| 005 | 20150617225745.3 | ||
| 008 | 980605s1983------------------------cze-d | ||
| 040 | |a STU |b slo | ||
| 041 | 0 | |a cze | |
| 100 | 1 | |a Zeman, Jaroslav |4 aut | |
| 245 | 1 | |a Fyzika reaktorů 2 | |
| 250 | |a 2. vyd. | ||
| 260 | |a Praha : |b České vysoké učení technické v Praze, |c 1983 | ||
| 300 | |a 154 s | ||
| 996 | |b 284ES15015 |c E*S-19132 |l EE01 |s A |a 24 |w stu25939_0001 | ||
| 996 | |b 284ES17977 |c E*S-19134 |l EE01 |s A |a 24 |w stu25939_0003 | ||
| 996 | |b 284ES17982 |c E*S-19131 |l EE01 |s A |a 24 |w stu25939_0005 | ||